|
|
|
|
| LEADER |
00000nab a2200000 a 4500 |
| 001 |
vtls000904132 |
| 003 |
SK-MaSNL |
| 005 |
20260304001925.0 |
| 008 |
040720e20000516xo 0 slo |
| 035 |
|
|
|a KE13088
|
| 040 |
|
|
|a KEVKJB
|b slo
|c KEVKJB
|e AACR2
|
| 041 |
0 |
|
|a slo
|
| 044 |
|
|
|a xo
|c SK
|
| 080 |
|
|
|a 78.071.1
|2 1981
|
| 080 |
|
|
|a 929
|2 1981
|
| 100 |
1 |
|
|a Hriadelová, Miloslava
|4 aut
|9 348764
|
| 245 |
1 |
0 |
|a Miňo Mojžiš nemá na plote tabuľku "Pozor, zlý pes" nadarmo
|b Georgii huncútstva vždy prejdu
|
| 300 |
|
|
|b 1 foto
|
| 590 |
|
|
|a Mojžiš, Miloslav
|
| 600 |
1 |
7 |
|a Mojžiš, Miloslav,
|d 1958-2019
|2 KEVKJB
|9 196503
|
| 650 |
0 |
7 |
|a osobnosti
|2 KEVKJB
|9 29820
|
| 650 |
0 |
7 |
|a miláčikovia
|2 KEVKJB
|9 1184680
|
| 650 |
0 |
7 |
|a zvieratá
|2 KEVKJB
|9 1091
|
| 650 |
0 |
7 |
|a psy
|2 KEVKJB
|9 1288
|
| 650 |
0 |
7 |
|a rozprávanie
|2 KEVKJB
|9 83281
|
| 651 |
|
7 |
|a Košice (Slovensko)
|2 KEVKJB
|9 18694
|
| 651 |
|
7 |
|a KE,
|2 KEVKJB
|9 877256
|
| 655 |
|
7 |
|a periodikum
|2 snkbucl
|9 29553
|
| 773 |
0 |
8 |
|t Korzár
|g Roč. 3, č.111, 16.5.2000, s. 4
|
| 852 |
|
|
|a ZVYKNI
|b KIS3GCP
|
| 999 |
|
|
|c 2539459
|d 2541389
|